000 01326cam a22003014a 4500
999 _c27172
_d27172
001 15495742
005 20170207145535.0
008 081023s2008 miua b 001 0 eng
010 _a 2008046406
020 _a9780801036125 (pbk.)
040 _aDLC
_cDLC
_dDLC
043 _aa-is---
050 0 0 _aNA335
_b .P19N49 2008
100 1 _aNetzer, Ehud.
245 1 4 _aThe architecture of Herod, the great builder /
_cEhud Netzer ; with the assistance of Rachel Laureys-Chachy.
260 _aGrand Rapids, MI :
_bBaker Academic,
_c2008.
300 _axix, 443 p. :
_bill. ;
_c23 cm.
500 _aHardcover edition first published: Tübingen : Mohr Siebeck, 2006.
504 _aIncludes bibliographical references and index.
600 0 0 _aHerod
_bI,
_cKing of Judea,
_d73 B.C.-4 B.C.
650 0 _aArchitecture, Roman
_zPalestine.
651 0 _aPalestine
_xAntiquities, Roman.
700 1 _aLaureys-Chachy, Rachel.
942 _2lcc
_cBOOKS
_hNA335 .P19N49 2008